000 00462nam a2200181Ia 4500
008 090124s9999 xx 000 0 und d
082 _b30423
100 _aपठाण यू. म.
245 _a सय
250 _a1
260 _bमधुराज पब्लिकेशन्स
_c1992
300 _a116
600 _aपठाण यू. म.
630 _a सय
700 _aपठाण यू. म.
730 _a सय
942 _cBOOK
999 _c96899
_d96899